Gaming Quiz

Random Gaming Quiz

PS3 Game By Platinum Trophy Quiz Stats

 Plays Quiz not verified by Sporcle

Challenge
Share
Tweet
Embed
Score 0/30 Timer 10:00
0 Plays Today
Trophy Game Title % Correct
Taking A LibertyGrand Theft Auto IV
67.9%
Master AssassinAssassin's Creed II
66.4%
100% CompleteLittleBigPlanet or LittleBigPlanet 2
55%
Legend of the WestRed Dead Redemption
53.4%
The Lombax Triumphant Ratchet & Clank Future: A Crack in Time
44.3%
DR 2 Trophy MasterDead Rising 2
42.7%
Toughest Soul TrophyDemon Souls
34.4%
Concodrance OfficerDead Space
32.1%
Ultimate HeroFinal Fantasy XIII
29.8%
Determinated Terminator Salvation
29.8%
Unbeatable FistStreet Fighter IV
19.1%
Going PlatinumGuitar Hero 5
16.8%
Jambo (game title)!Afrika
14.5%
4.0 GPADisgaea 3
12.2%
Savior of the UniverseDuke Nukem Forever
9.2%
Trophy Game Title % Correct
King of the HillGod of War III
8.4%
Dead EchoBulletstorm
7.6%
Cheers to You!Catherine
7.6%
We Knew You Could Do ItYou Don't Know Jack
7.6%
The Ultimate RewardDragon Age II or Origins
7.6%
Dutiful SoldierCall of Duty Classic
6.9%
Platinum CrownWhite Knight Cronicles International Edition
6.9%
Way out of the (game title)Trine
6.9%
PlatinuminarySonic's Ultimate Genesis Collection
6.9%
Better Than GoldArmy of Two: The 40th Day
4.6%
100% ClearMLB The Show 09-11
4.6%
Master of FateMarvel vs. Capcom 3
4.6%
The Big OneMotorstorm Apocalypse
3.1%
Platinum - (game title) thank you once again and next timeAr tonelico Qoga: Knell of Ar Ciel
1.5%
The OneTwo Worlds II
0.8%

You're not logged in!

Compare scores with friends on all Sporcle quizzes.
Join for Free
OR
Log In

You Might Also Like...

Show Comments

Extras

Created Sep 15, 2011ReportNominate
Tags:platinum, ps3, trophy

Top Quizzes Today


Score Distribution

Your Account Isn't Verified!

In order to create a playlist on Sporcle, you need to verify the email address you used during registration. Go to your Sporcle Settings to finish the process.

Report this User

Report this user for behavior that violates our Community Guidelines.

Details: